| 000 | 01247cam a2200265 4500 | ||
|---|---|---|---|
| 001 | J670 | ||
| 008 | 090401t1992 xxu||||| |||| 00| 0 eng d | ||
| 035 | _a(Sirsi) u76193 | ||
| 041 | _aeng | ||
| 050 | _a711.52 | ||
| 110 |
_aRoyal Institution of Chartered Surveyors _94900 |
||
| 245 | _aPartnerships: people and progress: conference papers delivered at the Royal Institution of Chartered Surveyors...on 23rd January 1992. | ||
| 260 |
_aLondon _bRICS _c1992 |
||
| 300 | _a60p. ; 30cm. | ||
| 350 | _a0 | ||
| 520 | _aOrganised by the RICS in conjunction with the Action for Cities Unit of the DoE. - Papers:- Partnerships/ SMITH, NIGEL - The urban future, the money/ SAUNDERS, RICHARD - Public sector partnerships/ HALL, DUNCAN - Flagship projects and failure and ensuring future success/ BROWN, CHRISTOPHER - A local government prospective/ HAYES, MICHAEL - Central government/ TURTON, GENIE - Bringing it together/ WALSHE, JOHN - The way ahead/ PEARCE, IDRIS. | ||
| 650 | _aCITY GRANT | ||
| 650 | _aCONFERENCE PAPERS | ||
| 650 | _aINNER CITY REDEVELOPMENT | ||
| 650 | _aURBAN DEVELOPMENT CORPORATIONS | ||
| 690 | _aURBAN RENEWAL | ||
| 710 |
_aUnited Kingdom _bDepartment of the Environment _9982 |
||
| 942 | _n0 | ||
| 948 | _c04/03/1997 | ||
| 999 |
_c96129 _d96129 |
||